000 00609cam a22002173a 4500
001 41296
003 PGUSA
005 20140828083929.0
008 121105s2012||||xxu|||||s|||||000 | eng d
040 _aPGUSA
_beng
042 _adc
100 1 _aSaunders, Marshall,
_d1861-1947
245 1 0 _aRose À  Charlitte
_h[electronic resource] /
_cMarshall Saunders
260 _bProject Gutenberg,
_c2012
506 _aPublic domain in the USA.
516 _aElectronic text
700 1 _aYoung, H. de M.
830 0 _aProject Gutenberg
_v41296
856 4 0 _uhttp://www.gutenberg.org/ebooks/41296
942 _cEB
999 _c270548
_d270548